| 000 | 00694nam a2200289Ia 4500 | ||
|---|---|---|---|
| 005 | 20260324132016.0 | ||
| 008 | 008 260324s9999 xx 000 0 eng d | ||
| 020 | _a9781315866208 | ||
| 037 | _aEBOOK | ||
| 040 | _aCRL | ||
| 040 | _beng | ||
| 040 | _cCRL | ||
| 041 | _2eng | ||
| 041 | _aeng | ||
| 084 | _qCRL | ||
| 100 |
_aDonna Y. Ford; James L. Moore III _91187684 |
||
| 245 | 0 | _aGifted Education | |
| 245 | 2 | _bA Special Issue of Theory Into Practice | |
| 260 | _bTaylor and Francis | ||
| 260 | _c2005 | ||
| 365 | _a | ||
| 365 | _b180 | ||
| 856 | _uhttp://www.taylorfrancis.com/books/9781315866208 | ||
| 942 | _cEBOOK | ||
| 999 |
_c1785350 _d1785350 |
||